| Поле | Инд. | ПП | Название | Значение |
|---|---|---|---|---|
| Тип записи | a | |||
| Библиографический уровень | a | |||
| 001 | _ | Контрольный номер | RU/REP/BASE/00009335 | |
| 005 | _ | Дата корректировки | 20180124142143.5 | |
| 200 | a | Заглавие | Легальность и легитимность протеста в системе демократического государства: почему государственные перевороты трактуются как демократический выбор граждан? | |
| f | Первые сведения об ответственности | Астапенко П.Н. | ||
| 210 | d | Дата издания | 2015 | |
| 461 | _0 | 1 | 001RU/REP/BASE/00010629 | |
| 1 | 2001 | |||
| a | Закон и право | |||
| 463 | 1 | 20002 | ||
| a | №6. | |||
| v | С. 15-24 | |||
| 1 | 210 | |||
| d | 2015 | |||
| 610 | a | Ключевые слова | ПРАВА ЧЕЛОВЕКА, КОНФЛИКТОЛОГИЯ, КОНСТИТУЦИОННОЕ ПРАВО, ТЕОРИЯ ПРАВА, ДЕМОКРАТИЯ, ГОСУДАРСТВЕННАЯ ВЛАСТЬ | |
| 700 | _1 | a | Фамилия | Астапенко |
| b | Имя | П.Н. | ||
| 901 | t | Тип документа | b | |
| w | Контрольный № источника | 7263449b07094accbe77c8ab0a387da6 |